000 00415pab a2200145 454500
008 180718b xxu||||| |||| 00| 0 eng d
100 _aEricson Richard
245 _aThe division of expert knowledge in policing and security
362 _a45(2), Jun 1994, p.149-75
650 _a Police Communication
650 _a Community Policing
650 _aPolice
773 _aBritish Journal of Sociology
909 _a27501
999 _c27501
_d27501